Nové kroky IOSCO a dalších mezinárodních organizací usilujících o účinnější regulaci infrastruktury finančních trhů
Charakteristika doterajšieho vývoja medzinárodnej regulácie infraštruktúry finančných trhov a zhodnotenie významu nových návrhov na skvalitnenie tejto regulácie vypracovaných Medzinárodnou organizáciou komisie cenných papierov (IOSCO) v spolupráci s ďalšími medzinárodnými organizáciami.
Salvato in:
| Autore principale: | |
|---|---|
| Natura: | Capitolo di libro |
| Lingua: | ceco |
| Soggetti: | |
| Tags: |
Nessun Tag, puoi essere il primo ad aggiungerne!!
|
MARC
| LEADER | 00000nla a2200000 4500 | ||
|---|---|---|---|
| 001 | 0198640 | ||
| 005 | 20240417075054.1 | ||
| 041 | 0 | |a cze | |
| 044 | |a SK | ||
| 245 | 1 | 0 | |a Nové kroky IOSCO a dalších mezinárodních organizací usilujících o účinnější regulaci infrastruktury finančních trhů |c Vladislav Pavlát |
| 520 | |a Charakteristika doterajšieho vývoja medzinárodnej regulácie infraštruktúry finančných trhov a zhodnotenie významu nových návrhov na skvalitnenie tejto regulácie vypracovaných Medzinárodnou organizáciou komisie cenných papierov (IOSCO) v spolupráci s ďalšími medzinárodnými organizáciami. | ||
| 610 | 2 | 0 | |a papiere cenné |
| 610 | 2 | 0 | |a regulácia finančná |
| 610 | 2 | 0 | |a trh finančný |
| 610 | 2 | 0 | |a organizácie medzinárodné |
| 100 | 1 | |a Pavlát, Vladislav | |